Značka Made in Slovakia je vo svetle reflektorov

Taký veľký záujem zo všetkých strán snáď ešte nezažili. Slovenské potraviny, ktoré boli dlhé roky agendou najmä domácich predajcov potravín, sú hlavnými protagonistami reklám a marketingových kampaní už aj zahraničných sietí. Pribúdajú špeciálne privátne značky venované iba slovenským výrobkom a spo...

Description complète

Enregistré dans:
Détails bibliographiques
Auteur principal: Kapitánová, Tatiana
Format: Chapitre de livre
Langue:slovaque
Sujets:
Tags: Ajouter un tag
Pas de tags, Soyez le premier à ajouter un tag!

MARC

LEADER 00000naa a2200000 4500
001 0306125
005 20250113134208.6
041 0 |a slo 
044 |a CZ 
245 1 0 |a Značka Made in Slovakia je vo svetle reflektorov  |c Tatiana Kapitánová 
520 |a Taký veľký záujem zo všetkých strán snáď ešte nezažili. Slovenské potraviny, ktoré boli dlhé roky agendou najmä domácich predajcov potravín, sú hlavnými protagonistami reklám a marketingových kampaní už aj zahraničných sietí. Pribúdajú špeciálne privátne značky venované iba slovenským výrobkom a spotrebitelia môžu cítiť "slovenskosť" vo všetkých predajniach, kde sa rozhodnú nakúpiť. Skúmanie, aký reálny prínos majú tieto kampane pre slovenské potravinárstvo. 
610 2 0 |a výrobky domáce 
610 2 0 |a značky privátne 
610 2 0 |a potravinárstvo 
610 2 0 |a identita 
610 2 0 |a pôvod tovaru 
610 2 0 |a podpora podnikania 
100 1 |a Kapitánová, Tatiana